|
|
|
|
| LEADER |
00000cam a2200000 a 4500 |
| 001 |
vtls008372156 |
| 003 |
SK-MaSNL |
| 005 |
20260311135746.0 |
| 008 |
230403s1951 xo 000 0 hun |
| 015 |
|
|
|a SNBA19451955-003276
|
| 035 |
|
|
|a SK01SNKBKSFS20010064373
|
| 035 |
|
|
|a urn:nbn:sk:snk-am3hfay
|
| 035 |
|
|
|a 0A94AD19-AAF0-4BA6-87ED-566BFC28F205
|
| 035 |
|
|
|a urn:nbn:sk:snk-am00cyay
|
| 035 |
|
|
|a SKM000066836
|
| 040 |
|
|
|a SNK
|b slo
|c SNK
|e AACR2
|
| 041 |
0 |
|
|a hun
|
| 043 |
|
|
|a e-cs---
|
| 044 |
|
|
|a xo
|c SK
|
| 072 |
|
7 |
|a 808
|x Literárny štýl. Literárna činnosť a technika. Efektívne využívanie jazyka. Spisovateľská činnosť
|2 konspekt
|
| 080 |
|
|
|a 32
|2 1981
|
| 080 |
|
|
|a 808.51:32
|2 2011
|
| 080 |
|
|
|a (042.5)
|2 2011
|
| 100 |
1 |
|
|a Gottwald, Klement,
|d 1896-1953
|4 aut
|9 114413
|
| 245 |
1 |
0 |
|a A Szovjetunió oldalán a békéért és a szocializmusért
|b a legjobb dolgozók kitüntetése alkalmából 1951. április 30-án, május 1-én és Csehszlovákiának a Szovjethadsereg által történt felszabadításának 6-ik évfordulóján elhangzott beszédek
|c Klement Gottwald
|
| 260 |
|
|
|a Bratislava
|b SZKP KB
|c 1951
|e Bratislava
|f Pravda
|
| 300 |
|
|
|a 31, [1] s.
|c 12°
|
| 366 |
|
|
|e 20000 výt.
|
| 610 |
|
7 |
|a Komunistická strana Československa
|2 SNKKA
|9 32256
|
| 650 |
0 |
7 |
|a politika
|2 SNKPH
|9 968
|
| 650 |
0 |
7 |
|a politické prejavy
|2 SNKPH
|9 65163
|
| 650 |
0 |
7 |
|a Politics
|2 SNKPHeng
|9 265606
|
| 650 |
0 |
7 |
|a Political speeches
|2 SNKPHeng
|9 329895
|
| 651 |
|
7 |
|a Československo
|2 SNKPH
|9 21376
|
| 651 |
|
7 |
|a Czechoslovakia
|2 SNKPHeng
|9 265183
|
| 655 |
|
7 |
|a prejavy
|2 SNKPH
|9 70401
|
| 655 |
|
7 |
|a Speeches
|2 SNKPHeng
|9 275814
|
| 852 |
|
|
|a Slovenská národná knižnica
|
| 954 |
|
|
|a odborná, vedecká literatúra cudzojazyčná (svetová)
|2 lita
|
| 958 |
|
|
|a OND
|
| 958 |
|
|
|a RK
|
| 958 |
|
|
|a TL
|
| 958 |
|
|
|a SP
|
| 958 |
|
|
|a HU
|
| 958 |
|
|
|a EUIPO
|
| 999 |
|
|
|c 930595
|d 932525
|
| 952 |
|
|
|a SNK
|b SNK
|y PREZ
|7 0
|p 17A0733027
|o snkSE 963
|i snk3101/53
|0 0
|1 0
|4 0
|d 2017-09-06
|f 1
|l 0
|r 2026-02-24 08:46:54
|w 2026-02-24
|
| 952 |
|
|
|a SNK
|b SNK
|y VYP
|7 0
|p 17A1188748
|o snkSE 963 D1
|i snkD 578/85
|8 1
|0 0
|1 0
|4 0
|d 2017-10-26
|l 0
|r 2026-02-24 08:46:54
|w 2026-02-24
|